|
|
|
|
| LEADER |
01748nkm a2200397 a 4500 |
| 001 |
mzk03001082921 |
| 003 |
CZ BrMZK |
| 005 |
20201119181304.0 |
| 007 |
kj co| |
| 008 |
101006s1858 au ||| f || k|gerod |
| 040 |
|
|
|a BOA001
|b cze
|
| 072 |
|
7 |
|a 76
|x Grafické umění. Grafika
|2 Konspekt
|9 21
|
| 080 |
|
|
|a (0.026.6)76
|2 MRF
|
| 080 |
|
|
|a (084.1)
|2 MRF
|
| 080 |
|
|
|a (450)
|2 MRF
|
| 100 |
1 |
|
|a Seelos, Gottfried,
|d 1829-1900
|4 aut
|
| 245 |
1 |
0 |
|a Partie aus dem Kunterswege [Bei den Saegen]
|h [grafika] /
|c Nach d. Nat. gez. v. G. Seelos ; Lith. v. G. Seelos ; Druck & Verlag d. typogr. lit. art Anst. v. L. Zamarski, C. Dittmarsch & C. in Wien-lith Abthlg v. Hartinger
|
| 246 |
3 |
3 |
|a Südtyrol
|h [grafika]
|
| 246 |
3 |
3 |
|a Zur Erinnerung an die Eröffnung der Eisenbahnstrecke von Innsbruck nach Kufstein
|h [grafika]
|
| 260 |
|
|
|a Wien :
|b Druck & Verlag d. typogr. lit. art Anst. v. L. Zamarsky, C. Dittmarsch & C. in Wien-lith Abthlg v. Hartinger,
|c [1858?]
|
| 300 |
|
|
|a 1 list :
|b litografie, barev. ;
|c 17 x 25 cm na listu 23 x 32,5 cm
|
| 500 |
|
|
|a Litografie volně vložená do alba
|
| 500 |
|
|
|a Výzdoba: Pod obrazem název a vydavatelské údaje
|
| 501 |
|
|
|a Přívazek 20 k: Děvčátko se psem ... / François Grenier de Saint-Martin
|
| 651 |
|
7 |
|a Itálie
|7 ge129398
|2 czenas
|
| 655 |
|
7 |
|a grafické listy
|7 fd132404
|2 czenas
|
| 655 |
|
7 |
|a veduty
|7 fd133805
|2 czenas
|
| 700 |
1 |
|
|a Lang, R.
|4 egr
|
| 700 |
1 |
|
|a Zamarsky, L. C.
|4 egr
|
| 700 |
1 |
|
|a Dittmarsch, C.
|4 pbl
|
| 700 |
1 |
|
|a Hartinger, Anton,
|d 1806-1890
|7 jx20090803012
|4 pbl
|
| 910 |
|
|
|a BOA001
|b ST5-1248.855,přív.20
|
| 985 |
|
|
|a 1851-1900
|
| 990 |
|
|
|a GP
|
| 991 |
|
|
|k mzk
|
| 994 |
|
|
|a UP
|l MZK03
|b 001082880
|m přívazek 20
|n záznam 1. díla (pro objednání pokračujte kliknutím)
|